1152 1511 1157 1355 1553 1628 1355 1968 1419 1981 1342 1545 1565 1681 1684 1527 1395 1211 1491 1770 1365 1990 1825 1867 1062 1467 1515 1192 1083 1885 1400 1603 1449 1347 1380 1985 1515 1465 1932 1583 1177 1400 1061 1773 1465 1912 1068 1660 1328 1458 1125 1453 1418 1979 1249 1343 1611 1119 1335 1817 1550 1666 1243 1136 1334 1279 1037 1098 1650 1805 1639 1325 1892 1923 1337 1027 1468 1506 1020 1282 1236 1813 1293 1730 1990 1841 1682 1879 1611 1801 1540 1836 1523 1719 1984 1897 1563 1493 1622 BCNSPRNW ULIB Ver.6.0+V

เปลี่ยนเป็นภาษาไทย

Change to English
 แสดงรายละเอียดบรรณานุกรม
  กลับหน้าหลัก

Brief Record : Get Marc (ISO 2709) : E-mail record : QR code < ปิดหน้าต่าง
LEADER : 00000nam 2200000uu 4500
001    13399129068
003     ULIB
008    250605s2567||||th 000 0 tha d
020    ^a9786164263604
060    ^aWY150^bธ582ก
100 0  ^aธิดารัตน์ คำบุญ
245    ^aการพยาบาลผู้ป่วยมะเร็งปอด (Nursing Care for Patients with Lung Cancer)/^cธิดารัตน์ คำบุญ
250    ^aพิมพ์ครั้งที่ 1
260    ^aพิษณุโลก :^bมหาวิทยาลัยนเรศวร,^c2567
300    ^a498 หน้า
650    ^aปอด^xมะเร็ง^xการพยาบาล
945    ^p560^l0^i30539
945    ^p560^l0^i30540
945    ^p560^l0^i30541
945    ^p560^l0^i30542
945    ^p560^l0^i30543
999    ^aกัณชพร จุลอักษร
รายการนี้ยังไม่มีแท็ก
คุณยังไม่ได้ล็อกอิน คุณสามารถมีกิจกรรมร่วมกับเว็บไซต์ได้ แต่ต้องล็อกอินก่อน ::
  ล็อกอิน

รายการสื่อสารสนเทศ

ลำดับที่ ประเภท เลขเรียก/บาร์โค้ด สถานที่ สถานะ
1. หนังสือสำรอง
หนังสือสำรอง
WY150 ธ582ก ฉ.1 
  Barcode: 30539
ห้องสมุดวิทยาเขตนครสวรรค์
►หนังสือทั่วไป:l:General Books
บนชั้น
2. วิทยาศาสตร์การแพทย์ และสุขภาพ
วิทยาศาสตร์การแพทย์ และสุขภาพ
WY150 ธ582ก ฉ.2 
  Barcode: 30540
ห้องสมุดวิทยาเขตนครสวรรค์
►หนังสือทั่วไป:l:General Books
บนชั้น
3. วิทยาศาสตร์การแพทย์ และสุขภาพ
วิทยาศาสตร์การแพทย์ และสุขภาพ
WY150 ธ582ก ฉ.3 
  Barcode: 30541
ห้องสมุดวิทยาเขตนครสวรรค์
►หนังสือทั่วไป:l:General Books
บนชั้น
4. วิทยาศาสตร์การแพทย์ และสุขภาพ
วิทยาศาสตร์การแพทย์ และสุขภาพ
WY150 ธ582ก ฉ.4 
  Barcode: 30542
ห้องสมุดวิทยาเขตนครสวรรค์
►หนังสือทั่วไป:l:General Books
บนชั้น
5. วิทยาศาสตร์การแพทย์ และสุขภาพ
วิทยาศาสตร์การแพทย์ และสุขภาพ
WY150 ธ582ก ฉ.5 
  Barcode: 30543
ห้องสมุดวิทยาเขตนครสวรรค์
►หนังสือทั่วไป:l:General Books
บนชั้น

รายการใกล้เคียง
    ผู้แต่ง [ธิดารัตน์ คำบุญ]

BibComment


ยังไม่เคยถูกคอมเมนท์

คอมเมนท์ทรัพยากรรายการนี้
  คอมเมนท์: การพยาบาลผู้ป่วย..


 Copyright 2026. Bcnsprnw @Library